| 000 | 00881nam a2200301 i 4500 | ||
|---|---|---|---|
| 001 | 42386 | ||
| 003 | KOSZ 005 | ||
| 005 | 20220330113954.0 | ||
| 008 | 030130s2002 uk f |000 0 eng d | ||
| 020 | _a058274914X | ||
| 040 |
_cKOSZ 005 _aKOSZ 005 _dKOSZ 005/HR |
||
| 080 | _a94(410) | ||
| 100 | 1 |
_aMcDowall, David _eAutor |
|
| 245 | 0 |
_aAn illustrated history of Britain / _cDavid McDowall. |
|
| 250 | _a16th impr. | ||
| 260 |
_aHarlow : _bLongman, _c2002. |
||
| 300 |
_a188 s. : _bil. ; _c25 cm. |
||
| 380 | _aKsiążki | ||
| 388 | _a1901-2000 | ||
| 388 | _a2001- | ||
| 504 | _aIndeks. | ||
| 650 | 7 | _aHistoria | |
| 651 | 7 | _aWielka Brytania | |
| 658 | _aHistoria | ||
| 710 | 2 |
_aLongman (London) _4pbl |
|
| 856 |
_uhttp://koha.tu.koszalin.pl/cgi-bin/koha/opac-detail.pl?biblionumber=42386 _yKatalog online BPK |
||
| 942 |
_cKS _2UKD |
||
| 999 |
_c42386 _d42386 |
||